| 000 | 00538nam a22002057a 4500 | ||
|---|---|---|---|
| 003 | OSt | ||
| 005 | 20140310184503.0 | ||
| 008 | 131012t xxu||||| |||| 00| 0 eng d | ||
| 020 | _a9780545980258 | ||
| 050 |
_aPZ 7 _b.St857 2009 |
||
| 100 | _aStilton, Geronimo | ||
| 245 |
_aThe kingdom of fantasy / _cGeronimo Stilton. |
||
| 260 |
_aNew York, NY : _bScholastic Inc., _c2009. |
||
| 300 |
_a314 p. : _bill. col. ; _c20 cm. |
||
| 521 | _aG3 | ||
| 526 | _c500 | ||
| 650 |
_aFiction _9746 |
||
| 942 |
_2lcc _cBK-SCHOLAS |
||
| 999 |
_c34776 _d34776 |
||